| 000 | 02096nam a22003017a 4500 | ||
|---|---|---|---|
| 001 | 8818 | ||
| 003 | FISKH | ||
| 005 | 20251021164648.0 | ||
| 008 | 251021b cb ||||| |||| 00| 0 eng d | ||
| 020 | _a9789996301896 | ||
| 040 |
_aFISKH _bkhr _cFISKH _dFISKH |
||
| 050 | _aPZ7 | ||
| 082 | _a895 | ||
| 100 | _aPisey, Pol | ||
| 245 |
_aចិញ្ចៀនវេទមន្ត : _bMagic ring / _cអ្នកស្រី ប៉ុល ពិសី |
||
| 260 |
_aPhnom Penh : _bReading Books , _c2013 . |
||
| 300 |
_a20 pages : _bcolor illustrations ; _c25 cm . |
||
| 505 | _aM | ||
| 520 | _aរឿងនេះអ្នកនិពន្ធចង់បង្ហាញពីឧបនិស្ស័យរបស់មនុស្សម្នាក់ៗមានភាពខុសប្លែកពីគ្នា គ្មាននរណាដែលគ្មានអ្វីសោះនៅក្នុងខ្លួននោះទេ ។ ដូច្នេះមិនត្រូវមើលងាយទៅលើអ្នកដទៃដែលគ្មានកំហុសនោះទេ នឹងរមែងផ្តល់មកវិញនៅគ្រោះថ្នាក់មកលើខ្លួនវិញជាពុំខាន ដូចពាក្យចាស់លោកថា បាចអង្ក្រាមច្រាសខ្យល់ អង្ក្រាមនោះនឹងបាចមកលើខ្លួនឯងវិញ ។ | ||
| 520 | _aThis book is showing that all people but no one are born with different fortunes and aptitudes. Therefore, do not despise others, or else it will of course bring about dangers, like an old saying " Throwing rice husk against wind , "which means husks will spread over those who throw them at last . | ||
| 521 | 8 |
_a550
_bLexile estimate |
|
| 521 | 8 |
_aM
_bRaz-Plus |
|
| 650 |
_aចិញ្ចៀនវេទមន្ត _vរឿងនិទានកុមារ |
||
| 650 |
_aMagic ring _vChildren's stories |
||
| 700 |
_aSen, Sot _eIllustrator |
||
| 942 |
_2ddc _cKHB _n0 |
||
| 999 |
_c8818 _d8818 |
||